La crisis en Guatemala

محفوظ في:
التفاصيل البيبلوغرافية
المؤلف الرئيسي: Poitevin Dardon, René
التنسيق: نص
منشور في: San José: CSUCA
الوسوم: إضافة وسم
لا توجد وسوم, كن أول من يضع وسما على هذه التسجيلة!

MARC

LEADER 00000 a a2200000 04500
001 20871
003
040
090 |a 089400  
100 |a Poitevin Dardon, René  
245 |a La crisis en Guatemala  
260 |a San José:   |b CSUCA  
300 |a 22 p.  
999 |c 16275  |d 16275